Don Juan Valera, epistológrafo : (Record no. 114811)

MARC details
000 -LEADER
campo de control de longitud fija 00879nam a2200217 i 4500
001 - NÚMERO DE CONTROL
campo de control 114811
003 - IDENTIFICADOR DE NÚMERO DE CONTROL
campo de control ES-MaACL
005 - FECHA Y HORA DE LA ÚLTIMA TRANSACCIÓN
campo de control 20251122063122.0
007 - CAMPO FIJO DE DESCRIPCIÓN FÍSICA--INFORMACIÓN GENERAL
campo de control de longitud fija t|
008 - DATOS DE LONGITUD FIJA--INFORMACIÓN GENERAL
campo de control de longitud fija 070330s1925 sp ||||1| spa d
080 ## - NÚMERO DE LA CLASIFICACIÓN DECIMAL UNIVERSAL
Número de la Clasificación Decimal Universal 929 Valera, Juan
100 1# - ENTRADA PRINCIPAL--NOMBRE DE PERSONA
Nombre de persona Rodríguez Marín, Francisco,
Fechas asociadas al nombre 1855-1943
9 (RLIN) 98634
245 10 - MENCIÓN DEL TÍTULO
Título Don Juan Valera, epistológrafo :
Resto del título conferencia dada en la sala de actos de la Real Academia Española, en la noche del 12 de diciembre de 1924 /
Mención de responsabilidad, etc. por Francisco Rodríguez Marín.
260 ## - PUBLICACIÓN, DISTRIBUCIÓN, ETC.
Lugar de publicación, distribución, etc. Madrid :
Nombre del editor, distribuidor, etc. [s.n.],
Fecha de publicación, distribución, etc. 1925 (
Fabricante Tip. de la Revista de Archivos, Bibliotecas y Museos)
300 ## - DESCRIPCIÓN FÍSICA
Extensión 32 p. ;
Dimensiones 19 cm.
594 ## - Nota al título y mención de responsabilidad
Nota al título y mención de responsabilidad Precede al tít.: Centenario del nacimiento de Valera.
600 14 - PUNTO DE ACCESO ADICIONAL DE MATERIA--NOMBRE DE PERSONA
Nombre de persona Valera, Juan,
Fechas asociadas al nombre 1824-1905-
Subdivisión de forma Correspondencia
9 (RLIN) 112640
710 2# - ENTRADA AGREGADA--NOMBRE DE ENTIDAD CORPORATIVA
Nombre de entidad corporativa o nombre de jurisdicción como elemento de entrada Real Academia Española
9 (RLIN) 6336
852 4# - LOCALIZACIÓN
Ubicación ES-MaACL
Número de control de estantería 1681-F-11
Holdings
Estatus retirado Estado de pérdida Estado de daño No para préstamo Colección Biblioteca de origen Biblioteca actual Ubicación en estantería Fecha de adquisición Fuente de adquisición Total de préstamos Signatura topográfica completa Código de barras Visto por última vez Precio de reemplazo Tipo de ítem Koha
        Colección de folletos Biblioteca del Ateneo de Madrid Biblioteca del Ateneo de Madrid Depósito folletos 17/01/2008     1681-F-11 1119726 23/02/2023 23/02/2023 Folleto